000 02560nam0a2200349 i 4500
001 RU\NLR\BIBL_A\010730028
005 20241103082704.0
010 _a9785799612917
_9120
021 _aRU
_b2015-13947
_9849
035 _a(NILC)RuMoRGB-007884109
035 _a(NLR Aleph) 010730028
090 _a9860708
_c9860708
100 _a20150415d2014 um y0rusy50 ca
101 0 _arus
102 _aRU
105 _aa|||j|||000yy
200 1 _aШероховатости поверхностей и их практическое применение в программе "КОМПАС"
_eучебное пособие для студентов, обучающихся по направлениям 150400 - Металлургия, 151600 - Технология машиностроения, 151900 - Конструкторско-технологическое обеспечение машиностроительного производства, 140400 - Электроэнергетика и электротехника
_fИ. П. Конакова, И. И. Пирогова
_gМ-во образования и науки Российской Федерации, Уральский федеральный ун-т им. первого Президента России Б. Н. Ельцина, Ин-т фундаментального образования
210 _aЕкатеринбург
_cИзд-во Уральского университета
_d2014
215 _a102 с.
_cил.
_d29
320 _aБиблиогр.: с. 100-101 (21 назв.)
606 1 _aШероховатость поверхности
_jУчебные издания для высших учебных заведений
_xОбозначение на чертежах
_92116212
_3RU\NLR\AUTH\661278417
606 _aКОМПАС, система автоматизированного проектирования
_jУчебные издания для высших учебных заведений
_92224695
_3RU\NLR\AUTH\661335600
686 1 _aЖ112.013я73-1
686 1 _aЖ2-5-05я73-1
700 1 _aКонакова
_bИ. П.
_cканд. техн. наук
_f1953-
_gИрина Павловна
_9189523
_3RU\NLR\AUTH\770189574
701 1 _aПирогова
_bИ. И.
_cпреподаватель, инженерная графика
_gИнна Ивановна
_9189527
_3RU\NLR\AUTH\770189578
801 0 _aRU
_bРГБ
_c20150311
_gRCR
801 1 _aRU
_bРГБ
_c20150311
_2rusmarc
942 _cBOOK
980 _aNBR